NFL Last 1,000 Yard Rusher - Statistics

General Stats
  • This quiz has been taken 106 times
  • The average score is 22 of 32
Answer Stats
Team Yards Year Answer % Correct
Bengals 1,205 2021 Joe Mixon
91%
Browns 1,525 2022 Nick Chubb
91%
Steelers 1,034 2022 Najee Harris
90%
Titans 1,538 2022 Derrick Henry
89%
Ravens 1,005 2020 Lamar Jackson
88%
Colts 1,811 2021 Jonathan Taylor
85%
Raiders 1,653 2022 Josh Jacobs
85%
Packers 1,121 2022 Aaron Jones
83%
Vikings 1,173 2022 Dalvin Cook
81%
Patriots 1,040 2022 Rhamondre Stevenson
80%
Giants 1,312 2022 Saquon Barkley
80%
Panthers 1,387 2019 Christian McCaffrey
79%
Jaguars 1,125 2022 Travis Etienne
79%
Cowboys 1,007 2022 Tony Pollard
78%
Seahawks 1,050 2022 Kenneth Walker III
75%
Eagles 1,269 2022 Miles Sanders
73%
Lions 1,066 2022 Jamaal Williams
70%
Rams 1,251 2018 Todd Gurley
69%
Cardinals 1,239 2016 David Johnson
63%
Bears 1,143 2022 Justin Fields
63%
Chargers 1,105 2017 Melvin Gordon
62%
Chiefs 1,327 2017 Kareem Hunt
60%
Bills 1,138 2017 LeSean McCoy
59%
49ers 1,106 2014 Frank Gore
58%
Saints 1,124 2017 Mark Ingram II
57%
Commanders 1,037 2021 Antonio Gibson
54%
Dolphins 1,272 2016 Jay Ajayi
54%
Falcons 1,035 2022 Tyler Allgeier
51%
Buccaneers 1,402 2015 Doug Martin
42%
Broncos 1,011 2019 Phillip Lindsay
42%
Jets 1,070 2015 Chris Ivory
31%
Texans 1,070 2019 Carlos Hyde
25%
No matching quizzes found
Score Distribution
Percent of People with Each Score
Percentile by Number Answered
Your Score History
You have not taken this quiz